000 00617nam a2200229 i 4500
001 C2-0011095
003 PPAK
005 20190630221908.0
008 970128s1984 enka|||| ||||| | eng d
020 _a0246121947
040 _aPPAK
_beng
_cPPAK
_erda
082 0 4 _a636.213
_223
090 0 0 _a636.213
_bALL
_dG
100 1 _aAllen, Charlotte Vale,
_eauthor
245 1 0 _aPlanned beef production
264 1 _aLondon :
_bGranada ,
_c1984
300 _aix., 229 pages :
_billustrations ;
_c24 cm
336 _2rdacontent
_atext
337 _2rdamedia
_aunmediated
338 _2rdacarrier
_avolume
942 _ddc
_cB
999 _c2813
_d2813